000 00513nam a2200157Ia 4500
008 210716s2014 xx 000 0 und d
020 _a9781259028410
041 _aeng
082 _a332.632 VAIK
100 _aVaidyanathan, K.
245 _aCredit derivatives: focusing on the Indian credit derivatives market.
_bFocusing on the Indian credit derivatives market.
250 _a1
260 _aNew Delhi
_bTata McGraw Hill Education Private Limited
_c2014
300 _axvii,428
650 _aGeneral Management
999 _c209332
_d209332